00804 a2200193 45000010006000000050017000060080041000230030015000640400040000790800104001192450028002232640047002513000019002985050210003170410008005271000019005357000021005547000035005753857820260407155648.0260407a1974 arg spa dAR-UNSa-BCEJYS aAR-UNSa-BCEJYSbspacAR-UNSa-BCEJYS a330.1xCiencia económica. Conceptos fundamentales de teoría económica. Valor. Capital. Fondos10aSemántica económica 1aMéxico :bSiglo Veintiuno editoresc1974 a306 p.c21 cm. a1. Introducción - 2. Cuestiones semánticas de metodología económica - 3. Cuestiones semánticas de la teoría del valor - 4. Cuestiones semánticas de macroeconomía y de política económica aspa1 aMachlup, Fritz1 aGallez, Pablo J.1 aGonzález Aramburo, Francisco